| 000 | 00677nam a22002417a 4500 | ||
|---|---|---|---|
| 999 |
_c20729 _d20729 |
||
| 003 | AR-CdUCM | ||
| 008 | 190322b ||||| |||| 00| 0 spa d | ||
| 040 |
_aMUNICIPALIDAD PROVINCIAL DEL CUSCO _cBIBLIOTECA MUNICIPAL DEL CUSCO |
||
| 082 |
_a869.33 / _bD15 |
||
| 100 |
_aDanke, Jacobo _923194 |
||
| 245 | _aLas barcaloras de Ulises / | ||
| 260 |
_aSantiago : _bErcilla, _c1934. |
||
| 300 |
_a137 paginas ; _c16 cm. |
||
| 500 | _aPoemas | ||
| 505 | _aContenido: Poemas | ||
| 650 |
_aPoesias _92556 |
||
| 650 |
_aChile _91150 |
||
| 650 |
_aLiteratura _983 |
||
| 650 |
_aRomanticismo _9518 |
||
| 700 |
_aLival, A. (grabados) _943293 |
||
| 942 |
_2ddc _cLIBROS |
||
| 945 | _aAndy | ||